Sinai : the site & the history : essays /

محفوظ في:

المؤلف الرئيسي: Saad El Din, Mursi (مؤلف)

مؤلفون آخرون: Taher, Ayman (المصور), Romano, Luciano (المصور)

التنسيق: كتاب

اللغة: English

منشور في: Egypt : Mobil Oil Egypt (S.A.E.) and Mobil Exploration Egypt Inc., 1995.

الموضوعات:

الوسوم: إضافة وسم

لا توجد وسوم, كن أول من يضع وسما على هذه التسجيلة!

رقم الطلب: DS110.5 .S493 1995

LEADER 01027cam a2200265 i 4500
001 ocm37974996
003 OSt
005 20241024104851.0
008 971120s1995 ua a 000 0 eng d
999 |c 55743  |d 55743 
020 |a 8821639010 
020 |a 9788821639012 
043 |a f-ua--- 
050 4 |a DS110.5 .S493 1995 
245 0 0 |a Sinai :   |b the site & the history : essays /   |c by Morsi Saad El-Din, Gamal Mokhtar, Fouad Iskandar, Samir Sobhi [and] Ayman Taher ; photographs by Ayman Taher, Luciano Romano. 
264 1 |a Egypt :   |b Mobil Oil Egypt (S.A.E.) and Mobil Exploration Egypt Inc.,   |c 1995. 
264 4 |c c1995. 
300 |a 142 pages :   |b illustrations ;   |c 31 cm. 
500 |a Label on title page verso: This limited edition is published by Mobil Oil Egypt (S.A.E.)--and Mobil Exploration Egypt Inc. 
651 0 |a Sinai (Egypt)  |v Pictorial works. 
700 1 |a Saad El Din, Mursi,  |e author 
700 1 |a Taher, Ayman,  |e photographer 
700 1 |a Romano, Luciano,  |e photographer 
901 |a reviewed 
942 |2 lcc  |c BK